000 00865nam a22002297a 4500
999 _c3552
_d3552
003 AR-CdUCM
008 190306b ||||| |||| 00| 0 spa d
040 _aMUNICIPALIDAD PROVINCIAL DEL CUSCO
_cBIBLIOTECA MUNICIPAL DEL CUSCO
082 _a370 /
_bF73
100 _aFoley Vogts, Caroline
_911634
245 _aCómo enseñar a leer en las escuelas elementales :
_bTécnicas provechosas /
260 _aMéxico :
_bUtehas,
_c1968.
300 _a85 paginas ;
_c18 cm.
440 _aEducación
_n17
_95220
505 _aContenido :Agrupamiento -- Lectura dirigida -- Técnicas para la interpretación -- Lectura libre --Otras fuentes de información ...
650 _aEstudio y enseñanza
_92610
650 _aLectura clásicas
_911635
650 _aLiteratura universal
_9611
700 _aLopez Carmen (traductora)
_911636
942 _2ddc
_cLIBROS
945 _arum